| 000 | 00632nam a2200205 a 4500 | ||
|---|---|---|---|
| 005 | 20220915064114.0 | ||
| 008 | 060629s2003 mx r 000 0 spa d | ||
| 020 | _a970290532X | ||
| 035 | _aUPN01000145564 | ||
| 049 | _aI | ||
| 050 | 4 |
_aPZ74.9 _bS5.3 |
|
| 100 | 1 |
_aShua, Ana María, _d1951- _931901 |
|
| 245 | 1 | 0 |
_aCuentos con fantasmas y demonios / _cAna María Shua. |
| 260 |
_aMéxico : _bAlfaguara, _cc2003. |
||
| 300 | _a152 p. : | ||
| 440 | 0 |
_aAlfaguara infantil. _pDesde 12 años |
|
| 650 | 0 |
_aHistorias de fantasmas _vLiteratura juvenil _94344 |
|
| 650 | 0 |
_aCuentos policíacos y de misterio _92405 |
|
| 905 | _aInfantil | ||
| 999 |
_c117710 _d117710 |
||